zpět

Detail výsledku týmu

A-Sport, Hradec Králové

Datum a čas kvízu

42 Celkem bodů Celkový počet nahraných bodů na tomto kvízu bez doplňovacích otázek.
2. Pořadí na kvízu Konečné umístění týmu na tomto kvízu.

Zaznamenané odpovědi

# Otázka Odpověď Body Výsledky
1. „Je to rebel!", „Zavaž mi stře... 1A, 2C, 3D, 4B 1
2. Nyní uvidíte videoukázku z poh... nejvyššího obdivu - Ó 1
3. „Jé, já znám fór. Veverka vyle... Vzhůru do oblak (Up!); pes 1
4. Filmová pohádka Tři veteráni j... C); Císařův pekař (a pekařův císař) 0.5
5. „Kmotřičko, jak se ti odvděčím... Honza málem králem 1
6. Některá pohádková místa jsou n... Princezna ze mlejna 1
7. Nabízíme dvě půlky bodu: za ná... Anděl Páně; Kašperk 1
8. Nejen od začátku kladní hrdino... Whoville (Kdovíkov/Kdosice); sněhová vločka 1
9. Děje pohádek jsou často situov... 1B 2C 3A 4D 1
10. Tuhle adresu, napsanou na potá... Sherman; 42 1